Thiên hồ! Đế hồ! Trời ơi! Chúa ơi!
Đã lưu trong:
| 主要作者: | |
|---|---|
| 格式: | 圖書 |
| 語言: | Undetermined |
| 出版: |
Hà Nội
KHXH
1978
|
| 主題: | |
| 標簽: |
添加標簽
沒有標簽, 成為第一個標記此記錄!
|
| Thư viện lưu trữ: | Trung tâm Học liệu Trường Đại học Cần Thơ |
|---|
| LEADER | 00546nam a2200181Ia 4500 | ||
|---|---|---|---|
| 001 | CTU_11032 | ||
| 008 | 210402s9999 xx 000 0 und d | ||
| 082 | |a 959.7043 | ||
| 082 | |b Ch125t | ||
| 100 | |a Phan Bội Châu | ||
| 245 | 0 | |a Thiên hồ! Đế hồ! | |
| 245 | 0 | |b Trời ơi! Chúa ơi! | |
| 245 | 0 | |c Phan Bội Châu, Nguyễn Chương Thâu | |
| 260 | |a Hà Nội | ||
| 260 | |b KHXH | ||
| 260 | |c 1978 | ||
| 650 | |a vietnam - history - 19th century | ||
| 980 | |a Trung tâm Học liệu Trường Đại học Cần Thơ | ||